| 000 | 00553nam a22001937a 4500 | ||
|---|---|---|---|
| 003 | OSt | ||
| 005 | 20160818141049.0 | ||
| 008 | 160818b xxu||||| |||| 00| 0 eng d | ||
| 020 | _a0412590905 | ||
| 040 | _cDNLM. | ||
| 082 | _aWE348M190 1997; | ||
| 100 |
_aMcKone Do,W.Llewellyn; _910770 |
||
| 245 |
_aOsteopathic Athletic Health Care: _bPrinciples and Practice. |
||
| 260 |
_aLondon. _bChapman& Hall, _c1997. |
||
| 300 |
_axii,394p; _bill; _c25cm. |
||
| 504 | _areferences and Index are Included. | ||
| 650 |
_aHealth Care. _912 |
||
| 942 |
_2ddc _cO_SHELF |
||
| 999 |
_c5030 _d5030 |
||